000 00311nam a2200121Ia 4500
008 190216s9999||||xx |||||||||||||| ||und||
100 _aWilliam Archibald Dunning
245 0 _aHistory Of Political Theories
260 _bCentral Book Depot
_c1966
300 _a360p
650 _aPolitical Science
942 _cBK
999 _c34753
_d34753